[Event "CUB-ch (Women)"]
[Site "Santa Clara"]
[Date "2025.02.17"]
[Round "10"]
[White "Bosch Valls, Leannet Mariah"]
[Black "Montejo Bello, Lorena Beatriz"]
[Result "1-0"]
[WhiteElo "2108"]
[BlackElo "2130"]
[PlyCount "67"]
[EventDate "2025.02.08"]
[EventType "swiss"]
[EventRounds "10"]
[EventCountry "CUB"]
[SourceTitle "CB08_2025"]
[SourceDate "2025.02.19"]
[SourceVersion "1"]
[SourceVersionDate "2025.02.19"]
[SourceQuality "1"]

1. d4 d5 2. Bf4 Nf6 3. Nc3 a6 4. e3 b5 5. h4 e6 6. g4 b4 7. Na4 Bd6 8. Qf3 Bd7 9. Nb6 Bxf4 10. Nxd7 Nbxd7 11. Qxf4 0-0 12. Be2 c5 13. g5 Ne8 14. dxc5 Nxc5 15. Qxb4 Qd6 16. Qa5 Rb8 17. 0-0-0 Nc7 18. Nf3 Rb7 19. Nd4 Rfb8 20. Nb3 Ne4 21. Rdf1 Qc6 22. Bd3 Nd6 23. Kb1 Nc4 24. Qc3 Nb5 25. Qe1 a5 26. Ka1 a4 27. Bxc4 dxc4 28. Na5 Qc7 29. Nxb7 a3 30. Qa5 axb2+ 31. Kxb2 Qxb7 32. Rb1 Qd5 33. Ka1 c3 34. Rhd1 1-0

[Event "CUB-ch (Women)"]
[Site "Santa Clara"]
[Date "2025.02.16"]
[Round "9"]
[White "Montejo Bello, Lorena Beatriz"]
[Black "Gonzalez Ochoa, Yoana"]
[Result "1/2-1/2"]
[WhiteElo "2130"]
[BlackElo "2072"]
[PlyCount "129"]
[EventDate "2025.02.08"]
[EventType "swiss"]
[EventRounds "10"]
[EventCountry "CUB"]
[SourceTitle "CB08_2025"]
[SourceDate "2025.02.19"]
[SourceVersion "1"]
[SourceVersionDate "2025.02.19"]
[SourceQuality "1"]

1. e4 e5 2. Nf3 Nc6 3. Bb5 Nf6 4. 0-0 Nxe4 5. d4 Nd6 6. Bxc6 dxc6 7. dxe5 Nf5 8. Qxd8+ Kxd8 9. Nc3 h6 10. h3 b6 11. Bf4 Be6 12. g4 Ne7 13. Nd4 Bc4 14. Rfe1 c5 15. Rad1 Kc8 16. Nf5 Be6 17. Ne3 Nc6 18. Bg3 Nd4 19. Kg2 g5 20. b3 Kb7 21. Ne2 Nxe2 22. Rxe2 Be7 23. Nf5 Rad8 24. Red2 Rxd2 25. Rxd2 Bd8 26. Nxh6 c4 27. Nf5 a5 28. f4 b5 29. Ne3 gxf4 30. Bxf4 cxb3 31. cxb3 c5 32. Nf5 a4 33. Nd6+ Kc6 34. bxa4 bxa4 35. Rc2 Ba5 36. Bc1 Rb8 37. Kf2 Rb1 38. Ne4 Bb6 39. Nc3 Rb4 40. Ba3 Rc4 41. Ke3 Bc7 42. Kd3 Bxe5 43. Bb2 Rd4+ 44. Ke3 Rc4 45. Kd3 Bf4 46. Rf2 Rd4+ 47. Kc2 f5 48. Ne2 Rd2+ 49. Kc3 Be3 50. Rg2 Rd7 51. Bc1 Bd5 52. Rh2 Bxc1 53. Nxc1 fxg4 54. hxg4 Rg7 55. Nd3 Rg5 56. Rh5 Rxh5 57. gxh5 Bxa2 58. Nxc5 Kxc5 59. Kb2 Bg8 60. Ka1 Kb4 61. h6 Bh7 62. Ka2 a3 63. Ka1 Bg8 64. Kb1 Kb3 65. Ka1 1/2-1/2

[Event "CUB-ch (Women)"]
[Site "Santa Clara"]
[Date "2025.02.15"]
[Round "8"]
[White "Montejo Bello, Lorena Beatriz"]
[Black "Catala Matienzo, Ivette"]
[Result "0-1"]
[WhiteElo "2130"]
[BlackElo "2099"]
[PlyCount "154"]
[EventDate "2025.02.08"]
[EventType "swiss"]
[EventRounds "10"]
[EventCountry "CUB"]
[SourceTitle "CB08_2025"]
[SourceDate "2025.02.19"]
[SourceVersion "1"]
[SourceVersionDate "2025.02.19"]
[SourceQuality "1"]

1. e4 c5 2. Nf3 e6 3. d4 cxd4 4. Nxd4 Nf6 5. Nc3 Nc6 6. Ndb5 d6 7. Bf4 e5 8. Bg5 a6 9. Na3 b5 10. Nd5 Qa5+ 11. Bd2 Qd8 12. Bd3 Nxd5 13. exd5 Ne7 14. 0-0 f5 15. c4 g6 16. cxb5 Bg7 17. bxa6 0-0 18. Bc3 Bxa6 19. Bxa6 Rxa6 20. Nb5 f4 21. Qf3 Qd7 22. a4 Nf5 23. Qh3 Qf7 24. Rfc1 Rc8 25. Qd3 Raa8 26. b4 Qe7 27. Qe4 Qb7 28. Rcb1 f3 29. Qxf3 e4 30. Qh3 Bxc3 31. Nxc3 e3 32. Ne4 exf2+ 33. Nxf2 Qxd5 34. Qb3 Rc4 35. Rd1 Nd4 36. Qa2 Kg7 37. Rac1 Rac8 38. Rxc4 Rxc4 39. Qb2 Qe5 40. Qd2 Ne2+ 41. Kf1 Nc3 42. Rc1 Ne4 43. Nxe4 Rxe4 44. Kg1 Rd4 45. Qf2 Rxb4 46. Rf1 Qc5 47. Ra1 Qe5 48. Rf1 Qe7 49. a5 Ra4 50. Qb6 Ra2 51. a6 Qe2 52. Qb7+ Kh6 53. a7 Qe3+ 54. Kh1 Rxa7 55. Qb8 Rf7 56. Rg1 d5 57. h3 d4 58. Qd8 Qe4 59. Qc8 d3 60. Qc1+ Qf4 61. Qxf4+ Rxf4 62. Rd1 Rd4 63. Kg1 Kg5 64. Kf2 Kf4 65. g3+ Ke4 66. Re1+ Kd5 67. Rc1 d2 68. Rd1 Ke4 69. Ke2 Rd3 70. Kf2 Rd7 71. Ke2 Rd3 72. Kf2 Rd7 73. Ke2 Rd6 74. h4 h5 75. Rxd2 Rxd2+ 76. Kxd2 Kf3 77. Ke1 Kxg3 0-1

[Event "CUB-ch (Women)"]
[Site "Santa Clara"]
[Date "2025.02.09"]
[Round "2"]
[White "Forgas Moreno, Yaniela"]
[Black "Montejo Bello, Lorena Beatriz"]
[Result "0-1"]
[WhiteElo "2106"]
[BlackElo "2130"]
[PlyCount "94"]
[EventDate "2025.02.08"]
[EventType "swiss"]
[EventRounds "10"]
[EventCountry "CUB"]
[SourceTitle "CB08_2025"]
[SourceDate "2025.02.19"]
[SourceVersion "1"]
[SourceVersionDate "2025.02.19"]
[SourceQuality "1"]

1. f4 d5 2. Nf3 g6 3. g3 Bg7 4. Bg2 c5 5. d3 Nc6 6. 0-0 Nf6 7. Nc3 0-0 8. e4 dxe4 9. dxe4 e5 10. Qxd8 Rxd8 11. fxe5 Ng4 12. Bg5 Rf8 13. Nd5 Ngxe5 14. Nf6+ Kh8 15. Nxe5 Nxe5 16. Nd5 Nc6 17. c3 Bd7 18. Rad1 Bg4 19. Rd2 Rac8 20. Nf6 Be6 21. Nd7 Rfd8 22. Nxc5 Rxd2 23. Bxd2 Bxa2 24. Ra1 Bc4 25. Bh3 Rd8 26. Bg5 f6 27. Bf4 g5 28. Be3 b6 29. Ne6 Rd6 30. Nxg7 Kxg7 31. Kf2 h5 32. Bf5 Be6 33. e5 Nxe5 34. Rxa7+ Kf8 35. Be4 Ng4+ 36. Kf3 f5 37. Bxg5 fxe4+ 38. Kxe4 Rd7 39. Ra6 Bd5+ 40. Kf5 Kg7 41. Bf4 Rb7 42. Kg5 Nxh2 43. Be5+ Kf7 44. Kxh5 Ke6 45. Bf4 Kf5 46. Bh6 Bf3+ 47. Kh4 Bg4 0-1

[Event "Titled Tuesday intern op 27th Aug Late"]
[Site "Chess.com INT"]
[Date "2024.08.27"]
[Round "4"]
[White "Jimenez Salas, Maria Teresa"]
[Black "Montejo Bello, Lorena Beatriz"]
[Result "1-0"]
[WhiteElo "1987"]
[BlackElo "2137"]
[PlyCount "77"]
[EventDate "2024.08.27"]
[EventType "swiss (blitz)"]
[EventRounds "11"]
[EventCountry "USA"]
[SourceTitle "EXT 2025"]
[Source "ChessBase"]
[SourceDate "2024.10.14"]
[SourceVersion "1"]
[SourceVersionDate "2024.10.14"]
[SourceQuality "1"]

1. e4 e5 2. Nf3 Nc6 3. d4 exd4 4. Nxd4 Nf6 5. Nxc6 bxc6 6. e5 Qe7 7. Qe2 Nd5 8. g3 a5 9. c4 Ba6 10. b3 a4 11. Bg2 Nb6 12. 0-0 g6 13. Re1 Bg7 14. Ba3 Qe6 15. Nc3 0-0-0 16. Qc2 Rhe8 17. c5 Nd5 18. Nxd5 cxd5 19. Rad1 c6 20. bxa4 Qf5 21. Qxf5 gxf5 22. f4 Bc4 23. Rd2 f6 24. Bb2 fxe5 25. Bxe5 Bf8 26. Rb1 d6 27. cxd6 Bxd6 28. Bf6 Rd7 29. Bh3 Rf7 30. Bd4 c5 31. Bf2 Rg8 32. Bg2 d4 33. Rc1 Ba6 34. Bxd4 Kb8 35. Bxc5 Bxc5+ 36. Rxc5 Re8 37. Rb2+ Ka7 38. Kf2 Rfe7 39. Bf3 1-0

[Event "Abu Dhabi Masters Online"]
[Site "Chess.com INT"]
[Date "2024.08.21"]
[Round "6"]
[White "Montejo Bello, Lorena Beatriz"]
[Black "Luong, Phuong Hanh"]
[Result "0-1"]
[WhiteElo "2137"]
[BlackElo "2214"]
[PlyCount "86"]
[EventDate "2024.08.21"]
[EventType "swiss (blitz)"]
[EventRounds "11"]
[EventCountry "UAE"]
[SourceTitle "CBM 221 Extra"]
[Source "ChessBase"]
[SourceDate "2024.09.30"]
[SourceVersion "1"]
[SourceVersionDate "2024.09.30"]
[SourceQuality "1"]

1. e4 c5 2. Nf3 e6 3. d4 cxd4 4. Nxd4 a6 5. Bd3 Bc5 6. Nb3 Be7 7. c4 d6 8. Nc3 Nf6 9. 0-0 0-0 10. Qe2 Nbd7 11. Be3 Qc7 12. f4 b6 13. Rfd1 Bb7 14. h3 Rac8 15. Rac1 Nc5 16. Nxc5 dxc5 17. e5 Nd7 18. Qh5 g6 19. Qg4 Rfd8 20. h4 Nf8 21. h5 Rd7 22. hxg6 hxg6 23. Be4 Rcd8 24. Rxd7 Rxd7 25. Qf3 Bxe4 26. Nxe4 Rd3 27. Rc3 Qd8 28. Qe2 Rd1+ 29. Kh2 Bh4 30. Nd6 Ra1 31. Rd3 Qe7 32. a3 Be1 33. Qg4 Rb1 34. f5 exf5 35. Qf4 Rxb2 36. Rd1 Bc3 37. Nc8 Qxe5 38. Qxe5 Bxe5+ 39. Kg1 Re2 40. Bh6 Bd4+ 41. Kh1 Ne6 42. Nxb6 Re4 43. Nd5 Rh4# 0-1

[Event "Abu Dhabi Masters Online"]
[Site "Chess.com INT"]
[Date "2024.08.21"]
[Round "2"]
[White "Montejo Bello, Lorena Beatriz"]
[Black "Seder, Mohamad"]
[Result "0-1"]
[WhiteElo "2137"]
[BlackElo "2116"]
[PlyCount "60"]
[EventDate "2024.08.21"]
[EventType "swiss (blitz)"]
[EventRounds "11"]
[EventCountry "UAE"]
[SourceTitle "CBM 221 Extra"]
[Source "ChessBase"]
[SourceDate "2024.09.30"]
[SourceVersion "1"]
[SourceVersionDate "2024.09.30"]
[SourceQuality "1"]

1. e4 d6 2. d4 e5 3. Nf3 exd4 4. Nxd4 Nf6 5. Nc3 Be7 6. Be2 0-0 7. Be3 Re8 8. 0-0 Nbd7 9. f3 c6 10. a4 Qc7 11. Qd2 b6 12. Nf5 Bf8 13. Rfd1 Ne5 14. f4 Bxf5 15. fxe5 Nxe4 16. Nxe4 Bxe4 17. exd6 Qd7 18. Bf4 Rad8 19. a5 Qf5 20. Bc4 Qg4 21. Rf1 Rd7 22. Bg3 Bg6 23. Bb3 Re2 24. Qf4 Qxf4 25. Rxf4 Bxd6 26. Rff1 Bc5+ 27. Kh1 Be4 28. Rg1 Rdd2 29. axb6 Rxg2 30. Rxg2 Bxg2# 0-1

[Event "Titled Tuesday intern op 20th Aug Early"]
[Site "Chess.com INT"]
[Date "2024.08.20"]
[Round "9"]
[White "Montejo Bello, Lorena Beatriz"]
[Black "Poupalos, Nikolaos"]
[Result "1-0"]
[WhiteElo "2137"]
[BlackElo "2275"]
[PlyCount "89"]
[EventDate "2024.08.20"]
[EventType "swiss (blitz)"]
[EventRounds "11"]
[EventCountry "USA"]
[SourceTitle "EXT 2025"]
[Source "ChessBase"]
[SourceDate "2024.10.14"]
[SourceVersion "1"]
[SourceVersionDate "2024.10.14"]
[SourceQuality "1"]

1. e4 c5 2. Nf3 d6 3. d4 cxd4 4. Nxd4 Nf6 5. Nc3 a6 6. Be2 e5 7. Nb3 Be7 8. Be3 Be6 9. Bf3 0-0 10. 0-0 Nbd7 11. a4 Rc8 12. a5 Nc5 13. Nxc5 dxc5 14. Qe2 Qc7 15. Rfd1 Rfd8 16. h3 c4 17. Rxd8+ Qxd8 18. Bb6 Qe8 19. Rd1 Bc5 20. Nd5 Bxd5 21. exd5 Bd6 22. Be4 Nxe4 23. Qxe4 g6 24. c3 f5 25. Qh4 Qf7 26. Qg5 f4 27. f3 Be7 28. Qg4 Bc5+ 29. Kh1 Qf5 30. Qxf5 gxf5 31. Re1 Bd6 32. Kg1 Kf7 33. Kf1 Kf6 34. Ke2 e4 35. fxe4 fxe4 36. Rf1 Rg8 37. Bd4+ Kf5 38. g4+ Kg5 39. Kf2 f3 40. Be3+ Bf4 41. Rd1 Bxe3+ 42. Kxe3 Re8 43. Rd4 Kh4 44. Kf2 e3+ 45. Ke1 1-0

[Event "Titled Tuesday intern op 20th Aug Early"]
[Site "Chess.com INT"]
[Date "2024.08.20"]
[Round "10"]
[White "Zaichenko, Daria"]
[Black "Montejo Bello, Lorena Beatriz"]
[Result "1-0"]
[WhiteElo "2104"]
[BlackElo "2137"]
[PlyCount "51"]
[EventDate "2024.08.20"]
[EventType "swiss (blitz)"]
[EventRounds "11"]
[EventCountry "USA"]
[SourceTitle "EXT 2025"]
[Source "ChessBase"]
[SourceDate "2024.10.14"]
[SourceVersion "1"]
[SourceVersionDate "2024.10.14"]
[SourceQuality "1"]

1. e4 e5 2. Nf3 Nc6 3. Bc4 Nf6 4. d3 Be7 5. c3 d6 6. Bb3 0-0 7. Nbd2 Na5 8. Bc2 c5 9. 0-0 Nc6 10. Re1 Be6 11. Nf1 h6 12. Ng3 Re8 13. h3 Bf8 14. d4 cxd4 15. cxd4 exd4 16. Nxd4 Nxd4 17. Qxd4 Rc8 18. Bd3 d5 19. e5 Bc5 20. Qf4 Nd7 21. Nh5 Nf8 22. Nxg7 Kxg7 23. Qxh6+ Kg8 24. Bg5 Be7 25. Bf6 Bxf6 26. exf6 1-0

[Event "Central America-ch (Women)"]
[Site "Santa Clara"]
[Date "2024.05.19"]
[Round "8"]
[White "Arribas Robaina, Maritza"]
[Black "Montejo Bello, Lorena Beatriz"]
[Result "1/2-1/2"]
[WhiteElo "2136"]
[BlackElo "2039"]
[PlyCount "58"]
[EventDate "2024.05.14"]
[EventType "swiss"]
[EventRounds "9"]
[EventCountry "CUB"]
[SourceTitle "CBM 220 Extra"]
[Source "ChessBase"]
[SourceDate "2024.07.31"]
[SourceVersion "1"]
[SourceVersionDate "2024.07.31"]
[SourceQuality "1"]

1. e4 e5 2. Nf3 Nc6 3. Bb5 a6 4. Ba4 Nf6 5. 0-0 Be7 6. Re1 b5 7. Bb3 d6 8. a4 b4 9. d3 0-0 10. h3 Na5 11. Ba2 c5 12. Nbd2 Rb8 13. Nc4 Nc6 14. Bg5 Be6 15. Nfd2 h6 16. Bxf6 Bxf6 17. Ne3 Ne7 18. Bc4 Qc8 19. Ndf1 g6 20. g4 Bg5 21. Ng3 Kh7 22. Ng2 Bf4 23. Nxf4 exf4 24. Nf1 Nc6 25. Nd2 Ne5 26. Bxe6 Qxe6 27. Nf3 Nxf3+ 28. Qxf3 Qe5 29. b3 Rbc8 1/2-1/2

[Event "Central America-ch (Women)"]
[Site "Santa Clara"]
[Date "2024.05.17"]
[Round "6"]
[White "Miranda Llanes, Yerisbel"]
[Black "Montejo Bello, Lorena Beatriz"]
[Result "1/2-1/2"]
[WhiteElo "2269"]
[BlackElo "2039"]
[PlyCount "118"]
[EventDate "2024.05.14"]
[EventType "swiss"]
[EventRounds "9"]
[EventCountry "CUB"]
[SourceTitle "CBM 220 Extra"]
[Source "ChessBase"]
[SourceDate "2024.07.31"]
[SourceVersion "1"]
[SourceVersionDate "2024.07.31"]
[SourceQuality "1"]

1. d4 d5 2. c4 e6 3. Nf3 Nf6 4. g3 dxc4 5. Bg2 c5 6. 0-0 Nc6 7. Ne5 Bd7 8. Nxc6 Bxc6 9. Bxc6+ bxc6 10. dxc5 Qxd1 11. Rxd1 Bxc5 12. Nd2 Rd8 13. Rf1 c3 14. bxc3 Nd5 15. Ne4 Be7 16. c4 Nf6 17. Nxf6+ Bxf6 18. Rb1 0-0 19. Rb7 a5 20. Rb6 Rb8 21. Rxc6 Rfc8 22. Ra6 Bc3 23. Ba3 Rxc4 24. Rc1 Rcc8 25. Bd6 Bd2 26. Rxc8+ Rxc8 27. Bc7 h6 28. Bxa5 Bxa5 29. Rxa5 Rc1+ 30. Kg2 Ra1 31. h4 h5 32. Kf3 f6 33. Ke3 Kf7 34. f4 Kg6 35. Kd2 Kh6 36. Ra6 Kg6 37. Ra3 Kf5 38. Kc2 Ke4 39. Kd2 Kf5 40. Ke3 Kg4 41. Kf2 Kf5 42. Ra7 g6 43. Ra6 e5 44. Ra5 Ke4 45. fxe5 fxe5 46. Ra8 Kf5 47. a4 Ra3 48. a5 Kg4 49. a6 Rxg3 50. Rg8 Ra3 51. Rxg6+ Kxh4 52. Kg2 Ra2 53. Kf3 e4+ 54. Ke3 Kh3 55. Kf2 h4 56. Re6 Ra3 57. Rh6 Kg4 58. Rg6+ Kh3 59. Re6 Ra2 1/2-1/2

[Event "Central America-ch (Women)"]
[Site "Santa Clara"]
[Date "2024.05.15"]
[Round "3"]
[White "Callender, Jessica"]
[Black "Montejo Bello, Lorena Beatriz"]
[Result "0-1"]
[WhiteElo "1571"]
[BlackElo "2039"]
[PlyCount "74"]
[EventDate "2024.05.14"]
[EventType "swiss"]
[EventRounds "9"]
[EventCountry "CUB"]
[SourceTitle "CBM 220 Extra"]
[Source "ChessBase"]
[SourceDate "2024.07.31"]
[SourceVersion "1"]
[SourceVersionDate "2024.07.31"]
[SourceQuality "1"]

1. Nf3 d5 2. d3 Nf6 3. g3 e6 4. Bg2 c5 5. 0-0 Nc6 6. Nbd2 Be7 7. e4 0-0 8. Re1 b5 9. Qe2 Bb7 10. c3 a5 11. e5 Nd7 12. d4 b4 13. Nf1 Ba6 14. Qc2 Rc8 15. Be3 cxd4 16. Bxd4 Nxd4 17. Nxd4 bxc3 18. bxc3 Qc7 19. Rac1 Nxe5 20. Ne2 Nd3 21. Ne3 Nxe1 22. Rxe1 Bf6 23. Rc1 d4 24. Nxd4 Bxd4 25. cxd4 Qxc2 26. Rxc2 Rxc2 27. Nxc2 Rc8 28. Ne3 Rc1+ 29. Bf1 Bxf1 30. Nxf1 Ra1 31. Kg2 Rxa2 32. Ne3 a4 33. Nd1 a3 34. Nc3 Rc2 35. Nd1 a2 36. Ne3 Rc1 37. h3 a1Q 0-1

[Event "Central America-ch (Women)"]
[Site "Santa Clara"]
[Date "2024.05.14"]
[Round "1"]
[White "Forgas Moreno, Yaniela"]
[Black "Montejo Bello, Lorena Beatriz"]
[Result "1-0"]
[WhiteElo "2263"]
[BlackElo "2039"]
[PlyCount "107"]
[EventDate "2024.05.14"]
[EventType "swiss"]
[EventRounds "9"]
[EventCountry "CUB"]
[SourceTitle "CBM 220 Extra"]
[Source "ChessBase"]
[SourceDate "2024.07.31"]
[SourceVersion "1"]
[SourceVersionDate "2024.07.31"]
[SourceQuality "1"]

1. e4 e5 2. Nf3 Nc6 3. Bc4 Nf6 4. d3 Be7 5. 0-0 d6 6. c3 0-0 7. Re1 Na5 8. Bb5 a6 9. Ba4 b5 10. Bc2 c5 11. Nbd2 Nc6 12. Nf1 Re8 13. h3 h6 14. Ng3 Be6 15. d4 cxd4 16. cxd4 exd4 17. Nxd4 Nxd4 18. Qxd4 Rc8 19. Qd1 Nd7 20. Nh5 Qc7 21. Bb3 Nc5 22. Bxe6 Nxe6 23. Qg4 Kh8 24. Bd2 Bf8 25. Rac1 Qb7 26. Rxc8 Rxc8 27. a3 Rc4 28. Qf3 Rd4 29. Bc3 Ng5 30. Qg4 Rc4 31. h4 Ne6 32. Qf3 Nc5 33. Qg4 Ne6 34. Qf5 Rc5 35. Qf3 Rc4 36. Re3 Qc7 37. Qf5 Nd4 38. Qg4 g6 39. Nf6 Bg7 40. Ne8 Qc5 41. Nxg7 Kxg7 42. Rd3 Kh7 43. h5 gxh5 44. Qd1 Ne6 45. Rd5 Qc6 46. Qxh5 Qe8 47. Qf5+ Kg8 48. Rxd6 a5 49. Qf6 Kf8 50. Bd2 Rxe4 51. Bxh6+ Kg8 52. Rxe6 Re1+ 53. Rxe1 Qxe1+ 54. Kh2 1-0

[Event "Capablanca Memorial op 57th"]
[Site "Havana"]
[Date "2024.05.05"]
[Round "3"]
[White "Montejo Bello, Lorena Beatriz"]
[Black "Lizano Quiros, Matias Haziel"]
[Result "1/2-1/2"]
[WhiteElo "2039"]
[BlackElo "1828"]
[PlyCount "52"]
[EventDate "2024.05.03"]
[EventType "swiss"]
[EventRounds "10"]
[EventCountry "CUB"]
[SourceTitle "EXT 2025"]
[Source "ChessBase"]
[SourceDate "2024.10.14"]
[SourceVersion "1"]
[SourceVersionDate "2024.10.14"]
[SourceQuality "1"]

1. e4 c6 2. d4 d5 3. e5 c5 4. dxc5 Nc6 5. f4 e6 6. Be3 d4 7. Bf2 Bxc5 8. Nf3 Nh6 9. Nbd2 Nf5 10. Ne4 Be7 11. a3 Qd5 12. Qd3 f6 13. exf6 gxf6 14. 0-0-0 e5 15. Re1 Qa2 16. Ned2 Be6 17. fxe5 fxe5 18. Nc4 Bxc4 19. Qxf5 Be6 20. Qh5+ Bf7 21. Qh6 Qa1+ 22. Kd2 Qxb2 23. Nxe5 Nxe5 24. Rxe5 Qc3+ 25. Kd1 Qa1+ 26. Kd2 Qc3+ 1/2-1/2

[Event "Capablanca Memorial op 57th"]
[Site "Havana"]
[Date "2024.05.04"]
[Round "2"]
[White "Borges Matos, Juan R"]
[Black "Montejo Bello, Lorena Beatriz"]
[Result "1-0"]
[WhiteElo "2358"]
[BlackElo "2039"]
[PlyCount "123"]
[EventDate "2024.05.03"]
[EventType "swiss"]
[EventRounds "10"]
[EventCountry "CUB"]
[SourceTitle "EXT 2025"]
[Source "ChessBase"]
[SourceDate "2024.10.14"]
[SourceVersion "1"]
[SourceVersionDate "2024.10.14"]
[SourceQuality "1"]

1. d4 d5 2. c4 e6 3. Nf3 Nf6 4. g3 dxc4 5. Qa4+ Nbd7 6. Qxc4 a6 7. Bg2 b5 8. Qc6 Rb8 9. 0-0 Bb7 10. Qc2 c5 11. dxc5 Bxc5 12. a4 0-0 13. axb5 axb5 14. Nc3 Qb6 15. Qb1 Ra8 16. Rxa8 Rxa8 17. b4 Be7 18. Be3 Qd6 19. Nxb5 Qxb4 20. Qxb4 Bxb4 21. Rb1 Nd5 22. Bd2 Bxd2 23. Nxd2 Bc6 24. Nd4 Nc3 25. Bxc6 Nxb1 26. Nxb1 Ra1 27. Bxd7 Rxb1+ 28. Kg2 Rd1 29. e3 Kf8 30. Bb5 Rd2 31. g4 Ke7 32. h4 h6 33. Kg3 Rb2 34. f4 Rb1 35. Bd3 Rg1+ 36. Kf3 Rh1 37. h5 Kf6 38. Kg2 Rc1 39. Nf3 Ra1 40. Ne5 Ra3 41. Kf2 Rc3 42. Bh7 Rc8 43. Kg3 Rh8 44. Bd3 Rc8 45. Be4 Rc7 46. Nc6 g5 47. hxg6 fxg6 48. Kh4 Rh7 49. Ne5 g5+ 50. Kh5 Ra7 51. Kxh6 Ra2 52. Nf3 gxf4 53. g5+ Ke7 54. exf4 Ra1 55. g6 Kf6 56. Ng5 Ra2 57. Bf3 Ra7 58. Bg4 e5 59. Ne4+ Ke7 60. f5 Kf8 61. f6 Kg8 62. Be6+ 1-0

[Event "Varadero op-A"]
[Site "Varadero"]
[Date "2023.10.06"]
[Round "6"]
[White "Gonzalez Mompie, Reynier"]
[Black "Montejo Bello, Lorena Beatriz"]
[Result "0-1"]
[WhiteElo "2101"]
[BlackElo "1964"]
[PlyCount "69"]
[EventDate "2023.10.03"]
[EventType "swiss"]
[EventRounds "9"]
[EventCountry "CUB"]
[SourceTitle "EXT 2025"]
[Source "ChessBase"]
[SourceDate "2024.10.14"]
[SourceVersion "1"]
[SourceVersionDate "2024.10.14"]
[SourceQuality "1"]

1. e4 e5 2. Nf3 Nc6 3. Bb5 a6 4. Ba4 Nf6 5. 0-0 Be7 6. Re1 b5 7. Bb3 d6 8. c3 0-0 9. h3 Bb7 10. d4 Re8 11. Nbd2 Bf8 12. a3 g6 13. Bc2 Bg7 14. Nf1 Qd7 15. Ng3 Rad8 16. d5 Nb8 17. b3 c6 18. c4 a5 19. a4 b4 20. Ra2 Rf8 21. Bb1 c5 22. Nh2 Qe7 23. f4 exf4 24. Bxf4 Nfd7 25. Nf3 f6 26. Kh2 Ne5 27. Nxe5 fxe5 28. Be3 Qh4 29. Qc1 h6 30. Rf2 Nd7 31. Bd3 Nf6 32. Qd1 Bc8 33. Bd2 h5 34. Qc1 Nxe4 35. Nxe4 0-1

[Event "Varadero op-A"]
[Site "Varadero"]
[Date "2023.10.03"]
[Round "2"]
[White "Carrera Gonzalez, Enmanuel"]
[Black "Montejo Bello, Lorena Beatriz"]
[Result "1-0"]
[WhiteElo "2156"]
[BlackElo "1964"]
[PlyCount "45"]
[EventDate "2023.10.03"]
[EventType "swiss"]
[EventRounds "9"]
[EventCountry "CUB"]
[SourceTitle "EXT 2025"]
[Source "ChessBase"]
[SourceDate "2024.10.14"]
[SourceVersion "1"]
[SourceVersionDate "2024.10.14"]
[SourceQuality "1"]

1. d4 d5 2. Nc3 Nf6 3. Bf4 e6 4. Nb5 Na6 5. e3 c6 6. Nc3 b6 7. Nf3 Bd6 8. Ne5 Nb8 9. Bd3 Bb7 10. 0-0 0-0 11. Bg5 Be7 12. f4 c5 13. Rf3 Ne4 14. Bxe7 Qxe7 15. Rh3 Nd7 16. Bxe4 dxe4 17. Nxd7 Qxd7 18. Qh5 h6 19. dxc5 Qd2 20. Rg3 Kh7 21. Qe5 Rg8 22. Nxe4 Qd5 23. Rxg7+ 1-0

[Event "World Cup U12 Girls Prel"]
[Site "Tornelo INT"]
[Date "2021.08.16"]
[Round "7"]
[White "Montejo Bello, Lorena Beatriz"]
[Black "Boiko, Keren"]
[Result "1-0"]
[WhiteElo "1523"]
[BlackElo "1134"]
[PlyCount "101"]
[EventDate "2021.08.16"]
[EventType "swiss (rapid)"]
[EventRounds "10"]
[EventCountry "NET"]
[SourceTitle "EXT 2025"]
[Source "ChessBase"]
[SourceDate "2024.10.14"]
[SourceVersion "1"]
[SourceVersionDate "2024.10.14"]
[SourceQuality "1"]

1. e4 c5 2. Nf3 Nc6 3. d4 cxd4 4. Nxd4 g6 5. c4 Bg7 6. Be3 d6 7. Nc3 Bd7 8. Be2 Nf6 9. 0-0 0-0 10. Qd2 Qa5 11. f3 Rac8 12. Rac1 a6 13. Rfd1 Rc7 14. b3 Rfc8 15. Qb2 Rb8 16. a3 Rcc8 17. b4 Qd8 18. Qd2 Nxd4 19. Bxd4 b5 20. c5 dxc5 21. Bxc5 a5 22. e5 axb4 23. axb4 Rb7 24. exf6 Bxf6 25. Bd4 Bxd4+ 26. Qxd4 Rbc7 27. Bxb5 Qf8 28. Bxd7 Rd8 29. Qg4 f5 30. Qf4 Rcxd7 31. Qc4+ Kh8 32. Rxd7 Rxd7 33. b5 Qd8 34. Qe2 Rd2 35. Qe3 Rd3 36. Qe5+ Kg8 37. Qe6+ Kh8 38. b6 Rd6 39. Qe5+ Kg8 40. b7 Qb8 41. Qb5 Qa7+ 42. Kh1 Qb8 43. h3 Rf6 44. Nd5 Rf7 45. Rc8+ Qxc8 46. bxc8Q+ Kg7 47. Qe6 Kg8 48. Qb8+ Kg7 49. Qbe5+ Kg8 50. Qc8+ Rf8 51. Nxe7+ 1-0